| 000 | 00589nam a22001817a 4500 | ||
|---|---|---|---|
| 005 | 20251108164159.0 | ||
| 008 | 250721s1992 xx 000 0 ara d | ||
| 082 | 1 | 4 | _a301.32956/حام |
| 100 | 1 | _aعمار، حامد | |
| 245 | 1 | 0 |
_aالتنمية البشرية في الوطن العربي : _bالمفاهيم - المؤشرات - الأوضاع / |
| 264 | 1 |
_aالقاهرة : _bسينا للنشر، _c1992. |
|
| 300 | _a245ص | ||
| 650 | 1 | 7 | _aالبلدان العربية |
| 650 | 1 | 7 | _aالسكان |
| 650 | 1 | 7 | _aالمجتمع العربي |
| 942 |
_2ddc _cBK |
||
| 999 |
_c5691 _d5691 |
||